000 00820nam a22002417a 4500
999 _c18393
_d18393
003 AR-CdUCM
008 190513b ||||| |||| 00| 0 spa d
040 _aMUNICIPALIDAD PROVINCIAL DEL CUSCO
_cBIBLIOTECA MUNICIPAL DEL CUSCO
041 _hita
082 _a146 /
_bV84
100 _aVolpe, Galvano Della
_938947
245 _aClave de la dialéctica histórica /
260 _aBuenos Aires :
_bProteo,
_c1965.
300 _a65 páginas ;
_c21 cm.
440 _aBiblioteca de ensayos contemporáneos ;
_n1
_938948
505 _aContenido: Sobre la dialéctica -- Clave de la dialéctica histórica.
650 _aDialéctica historica
_938949
650 _aDemocracia
_92598
650 _aSocialismo
_91037
700 _aSciarretta, Raúl (traductor)
_938950
942 _2ddc
_cFOLLETOS
945 _aacv
_d2019-05-13